00389 a2200121 4500003000500000005001700005040000900022082000800031245008000039260003200119650009200151651002400243Nust20170207163619.0 cNust a799 aAllied Officer YO`S 46 Meet With A-Comdt Photographs 2013 (Soft Copy) cMCS aRawalpindibMCSc31-10-2013 aPictures of Allied Officer YO`S 46 Meet With A-Comdt Photographs 2013 ,(CD-NO 23,Vol-V) a Sweet Memories-MCS